Sports Quiz

Random Sports or NFL Quiz
Score 0/32 Timer 05:00
2 Plays Today
School (Year) Quarterback % Correct
Auburn ('11)Cam Newton
94.6%
U. of Michigan ('00)Tom Brady
86.9%
Boston College ('08)Matt Ryan
83%
Virginia Tech ('01)Michael Vick
82.9%
Oklahoma ('10)Sam Bradford
81.8%
U. of Delaware ('08)Joe Flacco
81.6%
U. of Texas ('10)Colt McCoy
80.1%
Purdue ('01)Drew Brees
79.4%
Mississippi ('04)Eli Manning
78.9%
U. of Georgia ('09)Matt Stafford
78.6%
Syracuse ('99)Donovan McNabb
77.6%
U. of California ('05)Aaron Rodgers
77.1%
USC ('09)Mark Sanchez
76.5%
Harvard ('05)Ryan Fitzpatrick
74.5%
Miami (OH) ('04)Ben Roethlisberger
74.4%
Texas Christian ('11)Andy Dalton
73.5%
School (Year) Quarterback % Correct
Vanderbilt ('06)Jay Cutler
71.6%
U. of Utah ('05)Alex Smith
67.9%
NC State ('04)Philip Rivers
67.8%
Penn State ('95)Kerry Collins
66.8%
Eastern Illinois ('03)Tony Romo
66.1%
U. of Michigan ('08)Chad Henne
65.5%
Kansas State ('09)Josh Freeman
60.2%
U. of Florida ('03)Rex Grossman
57.1%
Auburn ('05)Jason Campbell
50.8%
Purdue ('05)Kyle Orton
49.2%
Boston College ('98)Matt Hasselbeck
49%
USC ('05)Matt Cassel
47.6%
U. of Virginia ('04)Matt Schaub
45.1%
U. of Houston ('07)Kevin Kolb
43.2%
Alabama State ('06)Tarvaris Jackson
43%
Louisiana Tech ('04)Luke McCown
22.3%
Remove Ads.
Support Sporcle.
Get the best of Sporcle when you Go Orange. This ad-free experience offers more features, more stats, and more fun while also helping to support Sporcle. Thank you for becoming a member.

You're not logged in!

Compare scores with friends on all Sporcle quizzes.
OR
Log In

Sporcle TV

Today on Sporcle TV


Watch our educational content, quiz creation guides, and fun videos on Sporcle TV.

Show Comments

Extras

Top Quizzes Today


Score Distribution

Paid Content

Your Account Isn't Verified!

In order to create a playlist on Sporcle, you need to verify the email address you used during registration. Go to your Sporcle Settings to finish the process.

Report this User

Report this user for behavior that violates our Community Guidelines.

Details: